| 000 | 01341cam a2200445 a 4500 | ||
|---|---|---|---|
| 001 | 22514 | ||
| 003 | SK-KTurca | ||
| 005 | 20260331141521.0 | ||
| 008 | 240702s1993 xo g h 00001aslo | ||
| 015 | _aSNBA1993/10 | ||
| 020 | _a8021801468 | ||
| 035 | _aSNK000015751 | ||
| 040 |
_aSNK _bslo _cSNK _eAACR2 |
||
| 041 | 1 |
_aslo _heng |
|
| 044 |
_axo _cSK |
||
| 072 | 7 |
_a929 _xBiografie _2konspekt |
|
| 080 |
_a820-3 _21981 |
||
| 080 |
_a(0:82-94) _22011 |
||
| 080 |
_a326 _22011 |
||
| 080 |
_a326.1-055.2 _22011 |
||
| 100 | 1 |
_aMuhsen, Zana, _d1964- _4aut |
|
| 240 | 1 | 0 |
_aSold, a Story of Modern-Day Slavery _lSlovensky |
| 245 | 1 | 0 |
_aPredané dcéry _cZana Muhsen ; prekl. Hana Lerchová |
| 250 | _a1. vyd. | ||
| 260 |
_aBratislava _bDanubiapress _c1993 _eBratislava _fDanubiaprint |
||
| 300 |
_a239 s. _c21 cm |
||
| 500 | _aSadzba: NOVA 17 | ||
| 650 | 0 | 7 |
_aobchod so ženami _2SNKPH |
| 650 | 0 | 7 |
_aSlave trade _2SNKPHeng |
| 650 | 0 | 7 |
_aotroctvo _2SNKPH |
| 650 | 0 | 7 |
_aSlavery _2SNKPHeng |
| 655 | 7 |
_aAutobiographical reminiscences _2SNKPHeng |
|
| 655 | 7 |
_aautobiografické spomienky _2SNKPH |
|
| 700 | 1 |
_aLerchová, Hana, _d1932-2007 _4trl |
|
| 700 | 1 |
_aKlimo, Martin, _d1954- _4bjd |
|
| 700 | 1 |
_aMusil, Bruno _4bjd |
|
| 942 |
_2ddc _cKLDO _n0 |
||
| 999 |
_c22514 _d22514 |
||